[Event "9th Asia-ch"]
[Site "Mashhad IRI"]
[Date "2011.05.10"]
[Round "9.21"]
[White "Shyam Sundar, M."]
[Black "Bakr, Jwan"]
[Result "1-0"]
[WhiteElo "2457"]
[BlackElo "2368"]
[EventDate "2011.05.02"]
[PlyCount "71"]

1.d4 Nf6 2.c4 g6 3.g3 Bg7 4.Bg2 O-O 5.Nc3 d6 6.Nf3 Nbd7 7.O-O e5 8.e4 exd4
9.Nxd4 Re8 10.h3 a6 11.Be3 Rb8 12.b3 Qe7 13.Qd2 c5 14.Nde2 b5 15.cxb5 axb5
16.Rad1 b4 17.Nd5 Nxd5 18.Qxd5 Rb6 19.Qd2 Bb7 20.f3 f5 21.Bf4 fxe4 22.Bxd6
e3 23.Qd3 Ba6 24.Bxe7 Bxd3 25.Rxd3 Rxe7 26.Rc1 Ra6 27.Rc2 Ra5 28.f4 Nf6 
29.Bf3 h5 30.Kg2 Kf7 31.g4 hxg4 32.hxg4 g5 33.fxg5 Nh7 34.Rd5 Re5 35.Rd7+ 
Kg6 36.Nf4+ 1-0

[Event "9th Asia-ch"]
[Site "Mashhad IRI"]
[Date "2011.05.10"]
[Round "9.22"]
[White "Debashis, Das"]
[Black "Alavi Sayed, Javad"]
[Result "0-1"]
[WhiteElo "2392"]
[BlackElo "2428"]
[EventDate "2011.05.02"]
[PlyCount "84"]

1.c4 e6 2.Nc3 d5 3.cxd5 exd5 4.d4 c6 5.Bf4 Bf5 6.e3 Nf6 7.Nge2 Nbd7 8.Ng3 
Bg6 9.h4 h6 10.h5 Bh7 11.Bd3 Bxd3 12.Qxd3 Nb6 13.Nf5 Qd7 14.Rc1 Rg8 15.g4 
Nxg4 16.Nb5 cxb5 17.Rc7 Qe6 18.Qxb5+ Kd8 19.Rxb7 Rc8 20.Rxa7 g5 21.Bg3 Nd7
22.O-O Ngf6 23.e4 Nxe4 24.Qa5+ Ke8 25.Ra8 Nb6 26.Rxc8+ Nxc8 27.Rc1 Nxg3 
28.Nxg3 Be7 29.Qc7 Nd6 30.Qb8+ Bd8 31.Rc6 Qe1+ 32.Kg2 Ne4 33.Qe5+ Kf8 34.
Nh1 Qe2 35.Qxd5 Kg7 36.Qf5 Re8 37.a4 Qxb2 38.a5 Qb7 39.Qd5 Nf6 40.a6 Qa8 
41.Qc4 Re6 42.d5 Nxd5 0-1

[Event "9th Asia-ch"]
[Site "Mashhad IRI"]
[Date "2011.05.10"]
[Round "9.24"]
[White "Sadeh, Shahin"]
[Black "Khademi, Mohammad Miran"]
[Result "1-0"]
[WhiteElo "2343"]
[BlackElo "2308"]
[EventDate "2011.05.02"]
[PlyCount "43"]

1.Nf3 g6 2.d4 Bg7 3.c3 b6 4.e4 Bb7 5.Bd3 d6 6.O-O Nf6 7.e5 Nfd7 8.e6 fxe6 
9.Ng5 Nf8 10.Qe2 Qd7 11.Re1 Nc6 12.a4 e5 13.d5 Nd8 14.c4 e6 15.Nc3 Nf7 16.
a5 Nxg5 17.Bxg5 Qf7 18.a6 Bc8 19.Be4 Rb8 20.Nb5 h6 21.Be3 Nh7 22.Qc2 1-0

[Event "9th Asia-ch"]
[Site "Mashhad IRI"]
[Date "2011.05.10"]
[Round "9.25"]
[White "Arabi, Saeid"]
[Black "Yang Ching Wei, Austin"]
[Result "1-0"]
[WhiteElo "2159"]
[BlackElo "1717"]
[EventDate "2011.05.02"]
[PlyCount "63"]

1.d4 Nf6 2.c4 g6 3.Nf3 Bg7 4.g3 O-O 5.Bg2 d6 6.Nc3 c5 7.d5 Nbd7 8.h3 Nb6 
9.Qd3 Bf5 10.e4 Bc8 11.O-O e6 12.a4 exd5 13.cxd5 Re8 14.Bf4 Nh5 15.Bg5 f6 
16.Bd2 f5 17.Bg5 Bf6 18.Bxf6 Nxf6 19.Rfe1 fxe4 20.Nxe4 Nxe4 21.Rxe4 Rxe4 
22.Qxe4 Bf5 23.Qe2 Nxd5 24.g4 Bd7 25.Rd1 Nb6 26.Rxd6 Qc7 27.Qe5 Rc8 28.a5 
Nc4 29.Qd5+ Kh8 30.Rxd7 Qf4 31.Qxb7 Qc1+ 32.Bf1 1-0